<?xml version="1.0" encoding="UTF-8"?>
<record
    xmlns:xsi="http://www.w3.org/2001/XMLSchema-instance"
    xsi:schemaLocation="http://www.loc.gov/MARC21/slim http://www.loc.gov/standards/marcxml/schema/MARC21slim.xsd"
    xmlns="http://www.loc.gov/MARC21/slim">

  <leader>03217nam0a22004451  4500</leader>
  <controlfield tag="001">RU\NLR\UK\149</controlfield>
  <controlfield tag="005">20260408064732.0</controlfield>
  <datafield tag="035" ind1=" " ind2=" ">
    <subfield code="a">(NLR Aleph) 009797953</subfield>
  </datafield>
  <datafield tag="090" ind1=" " ind2=" ">
    <subfield code="a">10163487</subfield>
    <subfield code="c">10163487</subfield>
  </datafield>
  <datafield tag="100" ind1=" " ind2=" ">
    <subfield code="a">20260120              rusy50        </subfield>
  </datafield>
  <datafield tag="101" ind1="0" ind2=" ">
    <subfield code="a">rus</subfield>
  </datafield>
  <datafield tag="102" ind1=" " ind2=" ">
    <subfield code="a">RU</subfield>
  </datafield>
  <datafield tag="135" ind1=" " ind2=" ">
    <subfield code="a">crbn 001aaaba</subfield>
  </datafield>
  <datafield tag="200" ind1="1" ind2=" ">
    <subfield code="a">[&#x41E; &#x43F;&#x43E;&#x441;&#x442;&#x443;&#x43F;&#x430;&#x43D;&#x438;&#x438; &#x441; &#x442;&#x435;&#x43C;&#x438;, &#x43A;&#x43E;&#x438;, &#x432; &#x43F;&#x440;&#x43E;&#x442;&#x438;&#x432;&#x43D;&#x43E;&#x441;&#x442;&#x44C; &#x432;&#x44B;&#x441;&#x43E;&#x447;&#x430;&#x439;&#x448;&#x435;&#x433;&#x43E; &#x443;&#x43A;&#x430;&#x437;&#x430;, &#x441;&#x442;&#x430;&#x43D;&#x443;&#x442; &#x434;&#x435;&#x440;&#x436;&#x430;&#x442;&#x44C; &#x43C;&#x430;&#x43B;&#x43E;&#x440;&#x43E;&#x441;&#x441;&#x438;&#x44F;&#x43D; &#x43D;&#x435;&#x432;&#x43E;&#x43B;&#x435;&#x44E;, &#x438; &#x43A;&#x440;&#x435;&#x43F;&#x438;&#x442;&#x44C; &#x438;&#x445; &#x432; &#x445;&#x43E;&#x43B;&#x43E;&#x43F;&#x441;&#x442;&#x432;&#x43E;, &#x43A;&#x430;&#x43A; &#x441; &#x44F;&#x432;&#x43D;&#x44B;&#x43C;&#x438; &#x43F;&#x440;&#x435;&#x441;&#x442;&#x443;&#x43F;&#x43D;&#x438;&#x43A;&#x430;&#x43C;&#x438; &#x438; &#x43E;&#x441;&#x43B;&#x443;&#x448;&#x43D;&#x438;&#x43A;&#x430;&#x43C;&#x438; &#x443;&#x43A;&#x430;&#x437;&#x43E;&#x432;]</subfield>
    <subfield code="g">[&#x423;&#x43A;&#x430;&#x437; &#x415;&#x43B;&#x438;&#x437;&#x430;&#x432;&#x435;&#x442;&#x44B; &#x41F;&#x435;&#x442;&#x440;&#x43E;&#x432;&#x43D;&#x44B; &#x43E;&#x442; 3 &#x438;&#x44E;&#x43B;&#x44F; 1742 &#x433;.]</subfield>
  </datafield>
  <datafield tag="210" ind1=" " ind2=" ">
    <subfield code="a">&#x41F;&#x435;&#x447;&#x430;&#x442;&#x430;&#x43D; &#x432; &#x41C;&#x43E;&#x441;&#x43A;&#x432;&#x435;</subfield>
    <subfield code="c">&#x41F;&#x440;&#x438; &#x421;&#x435;&#x43D;&#x430;&#x442;&#x435;</subfield>
    <subfield code="d">5 &#x438;&#x44E;&#x43B;&#x44F; 1742</subfield>
  </datafield>
  <datafield tag="215" ind1=" " ind2=" ">
    <subfield code="a">[1] &#x43B;.</subfield>
    <subfield code="d">2&#xB0;</subfield>
  </datafield>
  <datafield tag="304" ind1=" " ind2=" ">
    <subfield code="a">&#x422;&#x435;&#x43A;&#x441;&#x442; &#x43D;&#x430;&#x447;&#x438;&#x43D;&#x430;&#x435;&#x442;&#x441;&#x44F; &#x441;&#x43B;&#x43E;&#x432;&#x430;&#x43C;&#x438;: &#x411;&#x43E;&#x436;&#x438;&#x435;&#x44E; &#x43C;&#x438;&#x43B;&#x43E;&#x441;&#x442;&#x438;&#x44E; &#x43C;&#x44B; &#x415;&#x43B;&#x438;&#x441;&#x430;&#x432;&#x435;&#x442; &#x41F;&#x435;&#x440;&#x432;&#x430;&#x44F;, &#x438;&#x43C;&#x43F;&#x435;&#x440;&#x430;&#x442;&#x440;&#x438;&#x446;&#x430; &#x438; &#x441;&#x430;&#x43C;&#x43E;&#x434;&#x435;&#x440;&#x436;&#x438;&#x446;&#x430; &#x432;&#x441;&#x435;&#x440;&#x43E;&#x441;&#x441;&#x438;&#x438;&#x441;&#x43A;&#x430;&#x44F;, &#x438; &#x43F;&#x440;&#x43E;&#x447;&#x430;&#x44F;, &#x438; &#x43F;&#x440;&#x43E;&#x447;&#x430;&#x44F;, &#x438; &#x43F;&#x440;&#x43E;&#x447;&#x430;&#x44F;. &#x425;&#x43E;&#x442;&#x44F; &#x443;&#x43A;&#x430;&#x437;&#x43E;&#x43C; &#x43D;&#x430;&#x448;&#x438;&#x43C; &#x438;&#x437; &#x421;&#x435;&#x43D;&#x430;&#x442;&#x430; &#x432; 21 &#x434;&#x435;&#x43D;&#x44C; &#x43F;&#x440;&#x43E;&#x448;&#x435;&#x434;&#x448;&#x430;&#x433;&#x43E; &#x43C;&#x430;&#x438;&#x44F; &#x441;&#x435;&#x433;&#x43E; 1742 &#x433;&#x43E;&#x434;&#x430; &#x43F;&#x443;&#x431;&#x43B;&#x438;&#x43A;&#x43E;&#x432;&#x430;&#x43D;&#x43D;&#x44B;&#x43C; &#x437;&#x430;&#x43F;&#x440;&#x435;&#x449;&#x435;&#x43D;&#x43E;, &#x43C;&#x430;&#x440;&#x43E;&#x440;&#x43E;&#x441;&#x441;&#x438;&#x430;&#x43D; &#x43D;&#x435;&#x432;&#x43E;&#x43B;&#x435;&#x44E; &#x434;&#x435;&#x440;&#x436;&#x430;&#x442;&#x44C; &#x432;&#x441;&#x44F;&#x43A;&#x430;&#x433;&#x43E; &#x447;&#x438;&#x43D;&#x430; &#x43B;&#x44E;&#x434;&#x435;&#x43C;...</subfield>
  </datafield>
  <datafield tag="304" ind1=" " ind2=" ">
    <subfield code="a">&#x41D;&#x430;&#x437;&#x432;. &#x443;&#x43A;&#x430;&#x437;&#x430; &#x434;&#x430;&#x43D;&#x43E; &#x43F;&#x43E; &#x41F;&#x421;&#x417;.</subfield>
  </datafield>
  <datafield tag="304" ind1=" " ind2=" ">
    <subfield code="a">&#x421;&#x43B;&#x435;&#x432;&#x430; &#x43E;&#x442; &#x41C;.&#x41F;.: &#x41F;&#x43E;&#x434;&#x43B;&#x438;&#x43D;&#x43D;&#x43E;&#x438; &#x437;&#x430; &#x43F;&#x43E;&#x434;&#x43F;&#x438;&#x441;&#x430;&#x43D;&#x438;&#x435;&#x43C; &#x435;&#x44F; &#x438;&#x43C;&#x43F;&#x435;&#x440;&#x430;&#x442;&#x43E;&#x440;&#x441;&#x43A;&#x430;&#x433;&#x43E; &#x432;&#x435;&#x43B;&#x438;&#x447;&#x435;&#x441;&#x442;&#x432;&#x430; &#x441;&#x43E;&#x431;&#x441;&#x442;&#x432;&#x435;&#x43D;&#x43D;&#x44B;&#x44F; &#x440;&#x443;&#x43A;&#x438;, &#x438;&#x44E;&#x43B;&#x44F; 3 &#x434;&#x43D;&#x44F;, 1742 &#x433;&#x43E;&#x434;&#x430;.</subfield>
  </datafield>
  <datafield tag="306" ind1=" " ind2=" ">
    <subfield code="a">&#x412;&#x44B;&#x445; &#x434;&#x430;&#x43D;. &#x443;&#x43A;&#x430;&#x437;&#x430;&#x43D;&#x44B; &#x441;&#x43F;&#x440;&#x430;&#x432;&#x430; &#x43E;&#x442; &#x41C;.&#x41F;.</subfield>
  </datafield>
  <datafield tag="321" ind1="1" ind2=" ">
    <subfield code="a">&#x41F;&#x421;&#x417;. &#x422;.11. 8578</subfield>
  </datafield>
  <datafield tag="325" ind1=" " ind2=" ">
    <subfield code="a">&#x41A;&#x43E;&#x43F;&#x438;&#x44F; &#x434;&#x43E;&#x441;&#x442;&#x443;&#x43F;&#x43D;&#x430; &#x432; &#x42D;&#x43B;&#x435;&#x43A;&#x442;&#x440;&#x43E;&#x43D;. &#x431;-&#x43A;&#x435; &#x420;&#x41D;&#x411; http://vivaldi.nlr.ru/lk000001717/view</subfield>
  </datafield>
  <datafield tag="517" ind1="1" ind2=" ">
    <subfield code="a">&#x411;&#x43E;&#x436;&#x438;&#x435;&#x44E; &#x43C;&#x438;&#x43B;&#x43E;&#x441;&#x442;&#x438;&#x44E; &#x43C;&#x44B; &#x415;&#x43B;&#x438;&#x441;&#x430;&#x432;&#x435;&#x442; &#x41F;&#x435;&#x440;&#x432;&#x430;&#x44F;, &#x438;&#x43C;&#x43F;&#x435;&#x440;&#x430;&#x442;&#x440;&#x438;&#x446;&#x430; &#x438; &#x441;&#x430;&#x43C;&#x43E;&#x434;&#x435;&#x440;&#x436;&#x438;&#x446;&#x430; &#x432;&#x441;&#x435;&#x440;&#x43E;&#x441;&#x441;&#x438;&#x438;&#x441;&#x43A;&#x430;&#x44F;, &#x438; &#x43F;&#x440;&#x43E;&#x447;&#x430;&#x44F;, &#x438; &#x43F;&#x440;&#x43E;&#x447;&#x430;&#x44F;, &#x438; &#x43F;&#x440;&#x43E;&#x447;&#x430;&#x44F;. &#x425;&#x43E;&#x442;&#x44F; &#x443;&#x43A;&#x430;&#x437;&#x43E;&#x43C; &#x43D;&#x430;&#x448;&#x438;&#x43C; &#x438;&#x437; &#x421;&#x435;&#x43D;&#x430;&#x442;&#x430; &#x432; 21 &#x434;&#x435;&#x43D;&#x44C; &#x43F;&#x440;&#x43E;&#x448;&#x435;&#x434;&#x448;&#x430;&#x433;&#x43E; &#x43C;&#x430;&#x438;&#x44F; &#x441;&#x435;&#x433;&#x43E; 1742 &#x433;&#x43E;&#x434;&#x430; &#x43F;&#x443;&#x431;&#x43B;&#x438;&#x43A;&#x43E;&#x432;&#x430;&#x43D;&#x43D;&#x44B;&#x43C; &#x437;&#x430;&#x43F;&#x440;&#x435;&#x449;&#x435;&#x43D;&#x43E;, &#x43C;&#x430;&#x440;&#x43E;&#x440;&#x43E;&#x441;&#x441;&#x438;&#x430;&#x43D; &#x43D;&#x435;&#x432;&#x43E;&#x43B;&#x435;&#x44E; &#x434;&#x435;&#x440;&#x436;&#x430;&#x442;&#x44C; &#x432;&#x441;&#x44F;&#x43A;&#x430;&#x433;&#x43E; &#x447;&#x438;&#x43D;&#x430; &#x43B;&#x44E;&#x434;&#x435;&#x43C;...</subfield>
  </datafield>
  <datafield tag="620" ind1=" " ind2=" ">
    <subfield code="d">&#x41C;&#x43E;&#x441;&#x43A;&#x432;&#x430;</subfield>
  </datafield>
  <datafield tag="702" ind1=" " ind2="0">
    <subfield code="4">720</subfield>
    <subfield code="8">rus</subfield>
    <subfield code="7">ca</subfield>
    <subfield code="a">&#x415;&#x43B;&#x438;&#x437;&#x430;&#x432;&#x435;&#x442;&#x430; &#x41F;&#x435;&#x442;&#x440;&#x43E;&#x432;&#x43D;&#x430;</subfield>
    <subfield code="c">&#x438;&#x43C;&#x43F;&#x435;&#x440;&#x430;&#x442;&#x440;&#x438;&#x446;&#x430; &#x440;&#x43E;&#x441;&#x441;&#x438;&#x439;&#x441;&#x43A;&#x430;&#x44F;</subfield>
    <subfield code="f">1709-1762</subfield>
    <subfield code="3">RU\NLR\AUTH\778655</subfield>
    <subfield code="9">118551</subfield>
  </datafield>
  <datafield tag="710" ind1="0" ind2="1">
    <subfield code="a">&#x420;&#x43E;&#x441;&#x441;&#x438;&#x44F;</subfield>
    <subfield code="b">&#x418;&#x43C;&#x43F;&#x435;&#x440;&#x430;&#x442;&#x440;&#x438;&#x446;&#x430;</subfield>
    <subfield code="c">1741-1762; &#x415;&#x43B;&#x438;&#x437;&#x430;&#x432;&#x435;&#x442;&#x430; &#x41F;&#x435;&#x442;&#x440;&#x43E;&#x432;&#x43D;&#x430;</subfield>
    <subfield code="3">RU\NLR\AUTH\8810042736</subfield>
    <subfield code="9">584915</subfield>
  </datafield>
  <datafield tag="712" ind1="0" ind2="2">
    <subfield code="a">&#x421;&#x435;&#x43D;&#x430;&#x442;&#x441;&#x43A;&#x430;&#x44F; &#x442;&#x438;&#x43F;&#x43E;&#x433;&#x440;&#x430;&#x444;&#x438;&#x44F;</subfield>
    <subfield code="c">&#x41C;&#x43E;&#x441;&#x43A;&#x432;&#x430;</subfield>
    <subfield code="4">610</subfield>
  </datafield>
  <datafield tag="801" ind1=" " ind2="0">
    <subfield code="a">RU</subfield>
    <subfield code="b">NLR</subfield>
    <subfield code="c">20030129</subfield>
  </datafield>
  <datafield tag="852" ind1=" " ind2=" ">
    <subfield code="a">NLR</subfield>
    <subfield code="j">18.14.1.35-1/65</subfield>
  </datafield>
  <datafield tag="856" ind1=" " ind2="0">
    <subfield code="u">http://vivaldi.nlr.ru/lk000001717/view</subfield>
  </datafield>
  <datafield tag="856" ind1=" " ind2="1">
    <subfield code="u">http://vivaldi.nlr.ru/lk000001717/cover</subfield>
  </datafield>
  <datafield tag="856" ind1=" " ind2="2">
    <subfield code="u">http://vivaldi.nlr.ru/lk000001717/text</subfield>
  </datafield>
  <datafield tag="942" ind1=" " ind2=" ">
    <subfield code="c">BOOK</subfield>
  </datafield>
  <datafield tag="980" ind1=" " ind2=" ">
    <subfield code="a">NB</subfield>
  </datafield>
  <datafield tag="980" ind1=" " ind2=" ">
    <subfield code="a">A1XVIIIv</subfield>
  </datafield>
  <datafield tag="980" ind1=" " ind2=" ">
    <subfield code="a">A1UKAZ</subfield>
  </datafield>
  <datafield tag="981" ind1="3" ind2="6">
    <subfield code="a">(36) &#x426;&#x438;&#x444;&#x440;&#x43E;&#x432;&#x43E;&#x439; &#x440;&#x435;&#x43F;&#x43E;&#x437;&#x438;&#x442;&#x43E;&#x440;&#x438;&#x439; &#x420;&#x41D;&#x411;</subfield>
  </datafield>
  <datafield tag="981" ind1="1" ind2="6">
    <subfield code="a">(16) &#x417;&#x430;&#x43A;&#x43E;&#x43D;&#x43E;&#x434;&#x430;&#x442;&#x435;&#x43B;&#x44C;&#x43D;&#x44B;&#x435; &#x430;&#x43A;&#x442;&#x44B; &#x420;&#x43E;&#x441;&#x441;&#x438;&#x439;&#x441;&#x43A;&#x43E;&#x439; &#x438;&#x43C;&#x43F;&#x435;&#x440;&#x438;&#x438;</subfield>
  </datafield>
</record>
